000 00888nam a2200265Ia 4500
003 OSt
005 20220923211109.0
006 a|||||r|||| 00| 0
007 ta
008 Pun
020 _a8181380517 (hbk)
_c390
024 _a319,552
037 _b770, 27/02/2017, H.K. Prakashan
_cTextual
040 _aARTS
_cARTS
_bPun
041 _2Pun
_aPun
082 _aO153:g, Q6
100 _aਹੁੰਦਲ, ਹਰਪ੍ਰੀਤ ਸਿੰਘ
_9156370
245 0 _aਸਾਹਿਤ ਦੇ ਸਰੂਪ
260 _aਦਿੱਲੀ
_b ਐਮ. ਪੀ. ਪ੍ਰਕਾFਨ
_c2016
300 _a178ਪ੍ਰ0
_ccm.
650 _a ਪੰਜਾਾਬੀ ਸਾਹਿਤ
_9156350
650 _aਸ਼ਚਅਹ਼ਲਜ
_9158196
942 _hO153:g, Q6
_cTEXL
_2CC
999 _c295188
_d295188